000 00538nam a22001817a 4500
005 20241121083200.0
008 241121b |||||||| |||| 00| 0 eng d
020 _a0702128023
041 _aEnglish
082 _a346.7 GOR
100 _lEnglish
245 _aGordon and Getz: The South African Law of Insurance /
_cDM Davis
250 _aFourth Edition
260 _aCape Town:
_bJuta and Company Ltd,
_c1993
300 _bxlii, 626 pages;
_c25 cm.
650 _aLegal practice
_bLaw
942 _cBK
_6ALISON_BN_VRIES
999 _c3252
_d3252